الدليل العربي حول حقوق الإنسان والتنمية / (Record no. 17481)
[ view plain ]
| 000 -الفاتح | |
|---|---|
| حقل البيانات ثابتة الطول | 00869nam a22001817a 4500 |
| 008 - عناصر البيانات ثابتة الطول - معلومات عامة | |
| حقل البيانات ثابتة الطول | 060603s2005 ua a g 00010 ara d |
| 082 ## - رقم تصنيف ديوى العشرى | |
| رقم الطبعة | 22 |
| رقم التصنيف | 323. 4 |
| رقم المادة | د ل ى |
| 245 ## - بيان العنوان | |
| العنوان | الدليل العربي حول حقوق الإنسان والتنمية / |
| بيان المسئوليه,etc | محمد نور فرحات ... [وآخ.] ؛ تحرير محسن عوض. |
| 250 ## - بيان الطبعة | |
| بيان الطبعة | ط. 1. |
| 260 ## - PUBLICATION, DISTRIBUTION, ETC. (IMPRINT) | |
| مكان الناشر او الموزع | القاهرة : |
| اسم الناشر او الموزع | المنظمة العربية لحقوق الإنسان، |
| تاريخ النشر أو التوزيع | 2005. |
| 300 ## - الوصف المادى | |
| التعداد | 556، 35 ص. : |
| تفاصيل ماديه اخرى للوعاء | جداول ؛ |
| أبعاد الوعاء | 30 سم. |
| 651 ## - المدخل الاضافى بالموضوع - اسم جغرافى | |
| الاسم الجغرافي | البلاد العربية |
| التقسيم الفرعي العام | سياسة اجتماعية. |
| 9 (RLIN) | 33261 |
| 650 ## - المدخل الاضافى بالموضوع-مصطلح موضوعى | |
| 9 (RLIN) | 33259 |
| مصطلح موضوعي أو اسم جغرافي كعنصر مدخل | حقوق الإنسان |
| التقسيم الفرعي الجغرافي | البلاد العربية |
| 650 ## - المدخل الاضافى بالموضوع-مصطلح موضوعى | |
| 9 (RLIN) | 33260 |
| مصطلح موضوعي أو اسم جغرافي كعنصر مدخل | الحقوق المدنية |
| التقسيم الفرعي الجغرافي | البلاد العربية |
| 700 ## - المدخل الاضافى - اسم شخصى | |
| الإسم الشخصى | فرحات، محمد نور، |
| الدور | مؤلف مشارك. |
| 9 (RLIN) | 33262 |
| 700 ## - المدخل الاضافى - اسم شخصى | |
| الإسم الشخصى | عوض، محسن، |
| الدور | محرر. |
| 9 (RLIN) | 33263 |
| 942 ## - عناصر المدخل الإضافي( كوها) | |
| مصدر التصنيف او مخطط الترفيف | Dewey Decimal Classification |
| Koha [default] item type | Book - Borrowing |
| حالة التراجع | حالة الفقد | مصدر التصنيف او خطة الترفيف | حالة تلف | ليس للاعارة | مجموعات كوها | المكان الدائم | المكان الحالي | موقع الترفيف | تاريخ الاكتساب | Source of acquisition | رقم الاستدعاء | الباركود | Date last seen | مُعار | نوع الوعاء |
|---|---|---|---|---|---|---|---|---|---|---|---|---|---|---|---|
| Dewey Decimal Classification | Central Library | Central Library | First floor | 26/05/2013 | Donation | 323. 4 د ل ى | 000028753 | 15/07/2025 | 25/10/2023 | Book - Borrowing |